| 000 | 00431nam a22001697a 4500 | ||
|---|---|---|---|
| 003 | NUST - PNEC | ||
| 005 | 20170116180830.0 | ||
| 008 | 150730b xxu||||| |||| 00| 0 eng d | ||
| 020 | _a0201435292 | ||
| 040 | _cLIBRARY | ||
| 082 | _a515.1 BIT | ||
| 100 |
_94586 _aBittinger, Marvin L. |
||
| 245 |
_aPrecalculus : graphs & models _cMarvin L. bittinger |
||
| 260 | _cc1998. | ||
| 650 |
_94588 _aPrecalculus _xME |
||
| 942 |
_2ddc _cBK |
||
| 999 |
_c64001 _d64001 |
||